00980nam a2200253 a 4500001000400000003001000004005001700014008004100031020001800072040002500090080002500115090002600140100003500166245014000201260004300341300002700384504002500411650004100436650006000477650003400537942001200571952013000583999001300713463BR-CuiBMT20231108152751.0231107s2012 Rsba 000 0 eng d a9788581750026 aBR-CuiBMTcBR-CuiBMT 22007a351.94:336.148 a351.94:336.148bG633r1 aGomes, Emerson Cesar da Silva 10aResponsabilidade financeira :buma teoria sobre a responsabilidade no âmbito dos tribunais de contas /cEmerson Cesar da Silva Gomes. aPorto Alegre :bNúria Fabris,c2012. a344 p. :bil. ;c23 cm aInclui bibliografia. aTribunal de contasxFiscalização aTribunal de contasxResponsabilidadexDireito comparado aExecução orçamentária 2udccLV 00102udc4070aBIBTCEMTbBIBTCEMTd2023-11-07l0o351.94:336.148 G633rpBIBTCEMT23110217r2023-11-07tEx. 1w2023-11-07yLV c463d463